000
00317nam a2200109Ia 4500
008
200302s9999 xx 000 0 und d
100
_a
Walter Zschokke
245
_a
Rudiger Lainer Urbanism Buildings Projects Stadt Bau Werke Projekte
260
_b
Birkhauser Publisher for Architecture
260
_c
1999
300
_a
168
999
_c
5340
_d
5340